Statistics for A Level Biology - Classification and Evolution

Click here to take the quiz!

General Stats

  • This quiz has been taken 96 times
  • The average score is 6 of 25

Answer Stats

DefintionKeyword% Correct
Plantae, Animalia, Fungi, Protoctista and ProkaryotaeKingdom
76%
The process of placing living things into groupsClassification
75%
Highest taxonomic rankDomain
51%
Term used to explain how features of the environment apply a selective force on the reproduction of individuals in a populationNatural selection
49%
Subdivision of the kingdomPhylum
49%
A group of closely related speciesGenus
48%
Group of closely related generaFamily
39%
Subdivision of the class using additional informationOrder
37%
A measure of the spread around a meanStandard deviation
27%
The study of the evolutionary relationships between organismsPhylogeny
24%
A characteristic that enhances survival in the habitatAdaptation
23%
Basic unit of classificationSpecies
21%
Group of organisms that all posses the same general traitsClass
16%
Variation caused by possessing a different combination of allelesGenetic
16%
The presence of variety - the differences between individualsVariation
12%
Variation caused by response to environmental factors such as light intensityEnvironmental
11%
Where there are distinct categories and nothing in betweenDiscontinuous
9%
Variation where there are two extremes and a full range of values in betweenContinuous
8%
The variation between members of the same speciesIntraspecific
5%
A measure of how closely two sets of data are correlated. A value of 1 means perfect correlationCorrelation coefficient
4%
The differences between speciesInterspecific
4%
A test used to compare two meansStudent's t-test
4%
A system that uses the genus name and the species name to avoid confusion when naming organismsBionomial system
3%
Structural featuresAnatomical adaptations
1%
The ways that behavior is modified for survivalBehavioral adaptations
0%

Score Distribution

Percentile by Number Answered

Percent of People with Each Score

Your Score History

You have not taken this quiz